Top 10 goleadores del Barcelona XXI - Estadísticas

Estadísticas generales
  • Esta prueba ha sido intentada 112 veces
  • La puntuación promedio es 9 de 10
Estadísticas de respuestas
Top Años País Goles Respuesta % Correcto
1. 2004-2021 Argentina 672 Lionel Messi
100%
2. 2014-2020 Uruguay 198 Luis Suárez
99%
7. 2013-2017 Brasil 105 Neymar
97%
3. 2004-2009 Camerún 130 Samuel Eto'o
97%
6. 2022-Act Polonia 105 Robert Lewandowski
94%
10. 1998-2015 España 85 Xavi Hernández
90%
4. 1997-2002 Brasil 130 Rivaldo
88%
9. 2003-2008 Brasil 94 Ronaldinho
88%
8. 2007-2015 España 99 Pedro Rodríguez
84%
5. 1998-2004 Holanda 121 Patrick Kluivert
57%
No se encontraron pruebas coincidentes
Distribución de puntuación
Porcentaje de gente con cada puntuación
Porcentaje por número respondido
Historial de tus puntuaciones
No has intentado esta prueba.